000 01125nam a2200277 a 4500
001 41292
003 BD-RjUL
005 20211209053348.0
008 160528s2004 ii ||||| |||| 001 0 ben d
020 _a8170791618
_c: Tk. 150.00
035 _a(BD-RjUL) 41409
040 _aBD-RjUL
_bben
_cBD-RjUL
041 _aben
082 _223
_a891.109
_bSEB 2004
100 _aসেন, সুকুমার
_9127011
245 1 0 _aভারতীয়-আর্য সাহিত্যের ইতিহাস /
_cসুকুমার সেন
250 _a২য় সং.
260 _aকলিকাতা :
_bদে'জ পাবলিশিং,
_c২০০৪
300 _a২৮৮ পৃ. ;
_c২২ সেমি.
500 _aনির্ঘণ্ট সংযুক্ত
650 _aভারতীয় সাহিত্য
_xইতিহাস ও সমালোচনা
_y১৫০০ -
_9127012
650 _aIndic literature
_xHistory and criticism
_yTo 1500
_9127013
650 _aভারতীয় সাহিত্য
_9127014
650 _aIndic literature
_9127015
942 _2ddc
_cBK
999 _c41292
_d41292